000 00383nam a2200145Ia 4500
008 240624s9999 xx 000 0 und d
041 _aeng
082 _a332.02401 FAR
100 _aFARRELL PAUL B
245 _aMILLIONAIRE CODE A SMARTER APPROACH TO M
250 _a11
260 _c2005
_aNew Jersey
_bJohn Wiley and Sons
300 _avii, : 247 : p. : cm. ; 23
365 _c
_b30
999 _c17934
_d17934